University Home | Library Home | Institutional Repository

A survey of traditional cattle production in Choma District : (Record no. 58368)

MARC details
000 -LEADER
fixed length control field 00809cam2a220020500 4500
001 - CONTROL NUMBER
control field tmp15795442
003 - CONTROL NUMBER IDENTIFIER
control field UPRA
005 - DATE AND TIME OF LATEST TRANSACTION
control field 20190815093624.0
008 - FIXED-LENGTH DATA ELEMENTS--GENERAL INFORMATION
fixed length control field 951101s1977 za eng u
035 ## - SYSTEM CONTROL NUMBER
System control number (Sirsi) r76009
035 ## - SYSTEM CONTROL NUMBER
System control number (UPRA)tmp15795442
040 ## - CATALOGING SOURCE
Transcribing agency UPRA
100 1# - MAIN ENTRY--PERSONAL NAME
Personal name Hanalete, M. J.
Linkage A36234.1
245 12 - TITLE STATEMENT
Title A survey of traditional cattle production in Choma District :
Remainder of title a report giving the survey methods and some preliminary results, August 1976-June, 1977.
260 ## - PUBLICATION, DISTRIBUTION, ETC.
Place of publication, distribution, etc. [Choma] :
Name of publisher, distributor, etc. Mochipapa Regional Research Station,
Date of publication, distribution, etc. 1977.
650 #0 - SUBJECT ADDED ENTRY--TOPICAL TERM
Topical term or geographic name entry element Cattle -- Zambia -- Choma District.
Geographic subdivision Cattle -- Zambia -- Choma District.
-- Cattle -- Zambia -- Choma District.
Linkage S28365.1
949 ## - LOCAL PROCESSING INFORMATION (OCLC)
a (O2) 1977/7
w lcc
m MAIN
t BOOK
l ON-SHELF
949 ## - LOCAL PROCESSING INFORMATION (OCLC)
a (O2) 1977/7
w lcc
m MAIN
t BOOK
l ON-SHELF

No items available.

© 2026 - The University of Zambia Library - Koha v25.11